[Event "Havana Gilberto Garcia Memorial-B"]
[Site "Havana"]
[Date "2024.02.24"]
[Round "2"]
[White "Ondar Hernandez, Wiber Dariel"]
[Black "Ramos Tuya, Moises"]
[Result "1-0"]
[WhiteElo "1643"]
[BlackElo "1497"]
[PlyCount "83"]
[EventDate "2024.02.24"]
[EventType "tourn"]
[EventRounds "9"]
[EventCountry "CUB"]
[SourceTitle "CB13_2024"]
[SourceDate "2024.03.27"]
[SourceVersion "1"]
[SourceVersionDate "2024.03.27"]
[SourceQuality "1"]

1. d4 Nf6 2. Bf4 d5 3. e3 Bf5 4. c4 c6 5. Nc3 e6 6. Qb3 Na6 7. Qxb7 Nb4 8. Rc1 Nc2+ 9. Kd2 Bb4 10. f3 0-0 11. Rxc2 Bxc2 12. Kxc2 Bd6 13. Bxd6 Qxd6 14. c5 Qd8 15. Ba6 Qa5 16. a3 Rfd8 17. Qxc6 Rab8 18. Qa4 Qc7 19. Nge2 e5 20. b4 exd4 21. exd4 Re8 22. Nc1 Re3 23. Nd3 Rbe8 24. Ne5 Re6 25. Nd1 R3xe5 26. dxe5 Qxe5 27. Bd3 d4 28. Qb3 a5 29. Nf2 Nd5 30. Ng4 Ne3+ 31. Nxe3 Qxe3 32. Rd1 axb4 33. axb4 Re8 34. b5 Qe5 35. Qb4 Ra8 36. h3 Ra2+ 37. Kb3 Rxg2 38. Re1 Qd5+ 39. Qc4 Qa8 40. Re2 Rxe2 41. Bxe2 Qa1 42. Qc2 1-0